000 00327nam a22001457a 4500
008 210310b ||||| |||| 00| 0 eng d
020 _a30163000172073
041 _aeng
080 _a541
082 _a541
100 _a12
101 _aKIM
245 _aGlencoe Chemistry Matter and Change
_cBraaton , B
942 _2udc
_cBK
999 _c56213
_d56213